Drama y sociedad

Uloženo v:
Podrobná bibliografie
Hlavní autor: Sastre, Alfonso
Médium: Kniha
Jazyk:Undetermined
Vydáno: Madrid, España Tauros 1956
Témata:
Tagy: Přidat tag
Žádné tagy, Buďte první, kdo vytvoří štítek k tomuto záznamu!

MARC

LEADER 00000nam a2200000Ia 4500
008 170316s9999 xx 000 0 und d
090 |a 801 S-8d 
100 |a Sastre, Alfonso 
245 |a Drama y sociedad 
260 |a Madrid, España 
260 |b Tauros 
260 |c 1956 
300 |a 213 páginas 
650 |a TEORÍA LITERARIA 
650 |a TEATRO 
650 |a ANÁLISIS TEATRAL 
650 |a DRAMA 
650 |a SOCIEDAD 
650 |a DRAMATURGOS 
999 |c 20679  |d 20679 
040 |a cru BVZT 
942 |c 15 D  |h 801 S-8d  |2 z